Europäische Geographie nach Buchstabe - A - Statistiken

Allgemein
  • Dieses Quiz wurde 176 mal gespielt
    145 seit der letzten Aktualisierung
  • Das Durchschnittsergebnis liegt bei 12 aus 20
Antwortstatistiken
Beschreibung Antwort % Korrekt
Hauptstadt von Griechenland Athen
100%
Hauptstadt der Niederlande Amsterdam
93%
Höchstes Gebirge in Westeuropa Alpen
90%
Land in den Pyrenäen Andorra
85%
Großstadt in Bayern Augsburg
82%
Meer zwischen Italien und dem Balkan Adriatisches Meer
81%
Westgrenze Europas, bekannt als „der Teich“ für einige Atlantik
80%
Nazi-Konzentrationslager in Polen Auschwitz
79%
Südliche Region Spaniens Andalusien
71%
Mehrheitlich muslimisches Land Albanien
66%
Portugiesische Vulkaninseln im obigen Meer Azoren
58%
Größte Stadt in Flandern Antwerpen
54%
Schottlands „Granitstadt“ Aberdeen
53%
Meer zwischen Griechenland und der Türkei Ägäis
48%
Zweitgrößte Stadt Dänemarks Aarhus
44%
Südlichste Region Portugals Algarve
42%
Hauptstadt von Korsika Ajaccio
39%
Französische Stadt, einst Sitz des Papsttums Avignon
38%
Einer der drei Finger Griechenlands, autonome Mönchsrepublik Athos
18%
Größte Insel von Wales Anglesey
8%
Keine übereinstimmenden Quizze gefunden
Verteilung der Resultate
Anzahl Personen mit jedem Resultat
Perzentil nach korrekt beantworteten Fragen
Ihre Resultats-Entwicklung
Sie haben dieses Quiz seit der letzten Aktualisierung nicht gespielt